• Pascal, Blaise,

di Personal Name

Records bibliografici associati: 3

001 - CONTROL NUMBER

  • control field: 61963

003 - CONTROL NUMBER IDENTIFIER

  • control field:

005 - DATE AND TIME OF LATEST TRANSACTION

  • control field: 20250324140427.0

008 - FIXED-LENGTH DATA ELEMENTS

  • fixed length control field: 250324|| aca||aabn | a|a d

040 ## - CATALOGING SOURCE

  • Original cataloging agency:
  • Transcribing agency:

100 ## - HEADING--PERSONAL NAME

  • Personal name: Pascal, Blaise,
  • Dates associated with a name: 1623-1662

670 ## - SOURCE DATA FOUND

  • Source citation: Work cat.: ()360464: Pascal, Blaise, 1623-1662., Opere complete /
CREDITS: SOCIETA' SAN PAOLO Via A.Severo, 58 - ROMA (RM) & PERIODICI SAN PAOLO SRL Via Giotto, 36 MILANO & CISF Via Giotto, 36 MILANO & EDIZIONI SAN PAOLO SRL,  Piazza Soncino, 5 CINISELLO BALSAMO (MI) -- ITALY